Statistics for Famous People from Hawaii

Click here to take the quiz!

General Stats

  • This quiz has been taken 1,563 times
  • The average score is 3 of 8

Answer Stats

ClueHawaiian% Correct
U.S. President born in HawaiiBarack Obama
98%
Singer of "Grenade" and "24K Magic"Bruno Mars
69%
Conqueror who united the Hawaiian islandsKamehameha I
34%
Hawaiian entertainer who sang "Tiny Bubbles"Don Ho
32%
Surfing pioneer and Olympic swimming championDuke Kahanamoku
22%
Korean-American golf prodigy who went pro at age 15Michelle Wie
20%
She played Cassandra Wong in "Wayne's World"Tia Carrere
19%
Surfer and songwriter who sang "You and Your Heart" and "Bubble Toes"Jack Johnson
16%

Score Distribution

Percentile by Number Answered

Percent of People with Each Score

Your Score History

You have not taken this quiz